000 00345 a2200157 4500
001 151304
040 _cEscola São Tomás de Aquino
100 _aBELINKY, Tatiana
240 1 0 _aAs três respostas
_lpor
245 1 0 _aAs três respostas
300 _a24
362 0 _a2001
440 1 _aFTD
697 _a*LITERATURA INFANTO
942 _cBK
999 _c151304
_d151304